000 00855nam a22002177a 4500
003 DO-SdBNP
005 20171129153653.0
008 161031b 1989 pn 00| 0 spa d
020 _a0944499481
040 _aBPMSU
_bspa
_cBPMSU
082 _axxxx
_bxxxx
245 0 0 _aEsa edad crítica de los 13 a los 18 años /
_cdirección general María Eloísa Álvarez del Real
246 0 0 _aEsa edad crítica de los 13 a los 18 años :
_bguías para afrontar los problemas del joven de hoy: alcohol, drogas, pandillerismo...y otras desviaciones que conducen a una crisis familiar y social /
260 _aPanamá :
_bAmérica,
_c1989.
300 _a240 p. :
_c21 cm.
700 1 _aÁlvarez del Real, María Eloísa
_edir.
910 _a000144
942 _2ddc
_cBK
945 _aInventariado extranjero / 2017 YL
956 _aYLOCKWARD
_b10
_c20171129
_d00144
999 _c13011
_d13011